WWE - Goldberg's PPV Opponents - Statistics

General Stats
  • This quiz has been taken 1,920 times
    1,603 since last reset
  • The average score is 20 of 23
Answer Stats
Year Event Match Type Answer % Correct
2004 WrestleMania XX Brock Lesnar
98%
2016 Survivor Series Brock Lesnar
98%
2017 WrestleMania 33 Brock Lesnar
98%
2003 SummerSlam Elimination Chamber Match Triple H
95%
2003 Unforgiven Triple H
95%
2003 Survivor Series Triple H
95%
2003 Armageddon Triple Threat Match Triple H
95%
2019 Super Showdown The Undertaker
93%
2022 Elimination Chamber Roman Reigns
90%
2020 Super Showdown Bray Wyatt
87%
2003 SummerSlam Elimination Chamber Match Shawn Michaels
87%
2003 Backlash The Rock
86%
2017 Fastlane Kevin Owens
85%
2020 WrestleMania 36 Braun Strowman
83%
2003 Bad Blood Chris Jericho
83%
2003 SummerSlam Elimination Chamber Match Chris Jericho
83%
2003 Armageddon Triple Threat Match Kane
83%
2003 SummerSlam Elimination Chamber Match Randy Orton
78%
2021 SummerSlam Bobby Lashley
75%
2021 Crown Jewel No Holds Barred Match Bobby Lashley
75%
2019 SummerSlam Dolph Ziggler
75%
2021 Royal Rumble Drew McIntyre
74%
2003 SummerSlam Elimination Chamber Match Kevin Nash
62%
No matching quizzes found
Score Distribution
Percent of People with Each Score
Percentile by Number Answered
Your Score History
You have not taken this quiz since the last reset